Municipalities of Cantabria (with a map) - Statistics

General Stats
  • This quiz has been taken 282 times
  • The average score is 29 of 103
Answers on the Map
Answers color-coded by a green-red scale on the quiz's map according to % correct below.
 
Answer Stats
Municipality % Correct
Santander
95%
Torrelavega
75%
Castro-Urdiales
72%
Laredo
72%
Reinosa
66%
Santoña
65%
San Vicente de la Barquera
63%
Santillana del Mar
62%
El Astillero
61%
Potes
59%
Comillas
57%
Noja
55%
Cabezón de la Sal
52%
Camargo
52%
Suances
52%
Los Corrales de Buelna
43%
Piélagos
43%
Santa Cruz de Bezana
43%
Liérganes
38%
Colindres
37%
Cabuérniga
35%
Valle de Villaverde
34%
Vega de Pas
33%
Medio Cudeyo
30%
Ramales de la Victoria
30%
Ribamontán al Mar
30%
Valderredible
30%
Ampuero
29%
Cartes
28%
Polanco
28%
Puente Viesgo
28%
Ribamontán al Monte
28%
Santa María de Cayón
28%
Selaya
28%
Camaleño
27%
San Miguel de Aguayo
27%
Limpias
26%
Arenas de Iguña
25%
Bárcena de Pie de Concha
25%
Campoo de Yuso
25%
Miengo
25%
Polaciones
25%
Reocín
25%
San Felices de Buelna
25%
Argoños
24%
Marina de Cudeyo
24%
Soba
24%
Bárcena de Cicero
23%
Hermandad de Campoo de Suso
23%
Arnuero
22%
Cabezón de Liébana
22%
Campoo de Enmedio
22%
Mazcuerras
22%
Peñarrubia
22%
Tresviso
22%
Tudanca
22%
Vega de Liébana
22%
Cillorigo de Liébana
21%
Saro
21%
Solórzano
21%
Villaescusa
21%
Arredondo
20%
Bareyo
20%
Castañeda
20%
Liendo
20%
Molledo
20%
Rionansa
20%
Ruente
20%
San Pedro del Romeral
20%
San Roque de Riomiera
20%
Villacarriedo
20%
Alfoz de Lloredo
19%
Entrambasaguas
19%
Hazas de Cesto
19%
Lamasón
19%
Valdeolea
19%
Val de San Vicente
19%
Anievas
18%
Corvera de Toranzo
18%
Los Tojos
18%
Meruelo
18%
Pesaguero
18%
Voto
18%
Escalante
17%
Guriezo
17%
Miera
17%
Rasines
17%
Ruiloba
17%
Cieza
16%
Luena
16%
Santiurde de Toranzo
16%
Udías
16%
Valdáliga
16%
Valdeprado del Río
16%
Herrerías
15%
Santiurde de Reinosa
15%
Mancomunidad de Campoo-Cabuérniga
14%
Penagos
14%
Ruesga
14%
Villafufre
14%
Pesquera
13%
Las Rozas de Valdearroyo
12%
Riotuerto
12%
No matching quizzes found
Score Distribution
Percent of People with Each Score
Percentile by Number Answered
Your Score History
You have not taken this quiz